|
|
|
|
| LEADER |
00676nta a2200157 i 4500 |
| 001 |
dipl75609 |
| 005 |
20190530075938.0 |
| 008 |
190412s2006 hu om 0|| hun d |
| 040 |
|
|
|a SZTE Diploma Repozitórium
|b hun
|
| 041 |
|
|
|a hun
|
| 100 |
1 |
|
|a Rada Sándor
|
| 245 |
1 |
0 |
|a Magyar frazeologizmusok orosz nyelvi fordításának szemantikai és stilisztikai sajátosságai (Déry Tibor
|h [elektronikus dokumentum] :
|b Képzelt riport egy amerikai popfesztiválról című novellája alapján) /
|c Sándor Rada
|
| 260 |
|
|
|c 2006
|
| 650 |
|
4 |
|a Pedagógusképzés
|
| 700 |
1 |
|
|a Györke Zoltán
|e ths
|
| 856 |
4 |
0 |
|u http://diploma.bibl.u-szeged.hu/id/eprint/75609/1/2006_rada_sandor.pdf
|z Dokumentum-elérés
|